Espiritualismo y positivismo en el Uruguay

Αποθηκεύτηκε σε:
Λεπτομέρειες βιβλιογραφικής εγγραφής
Κύριος συγγραφέας: Ardao, Arturo (Συγγραφέας)
Μορφή: Βιβλίο
Γλώσσα:Ισπανικά
Έκδοση: Montevideo Universitarias 2008
Έκδοση:3a. ed
Σειρά:Clásicos Universitarios
Θέματα:
Ετικέτες: Προσθήκη ετικέτας
Δεν υπάρχουν, Καταχωρήστε ετικέτα πρώτοι!

MARC

LEADER 00000nam a2200000 a 4500
001 UCG0625
003 CL-VaPUC
008 100401e20080000UY |||||||||||||||||spa|d
020 |a 9789974004412 
082 0 4 |a 141  |b ARD  |2 21 
100 0 |a Ardao, Arturo  |e author  |9 548074 
245 1 0 |a Espiritualismo y positivismo en el Uruguay 
250 |a 3a. ed 
300 |a 214 p 
942 |c BK 
945 |d 20100401 00:00:00  |a rbrito 
260 |a Montevideo  |b Universitarias  |c 2008 
650 0 |a Espiritualismo   |9 334876 
650 0 |a Positivismo  |9 269460 
650 7 |a FILOSOFIA URUGUAYA  |2 CL-VaPUC  |9 431877 
583 |a last modification  |c 20130325 06:05:45  |k Rodrigo Vera 
490 0 |a Clásicos Universitarios 
999 |c 340185  |d 340183 
952 |0 0  |1 0  |4 0  |6 141_000000000000000_ARD_2008  |7 0  |8 DER_HDC  |9 434724  |a BIBDER  |b BIBDER  |d 2019-11-22  |i 4656504  |l 1  |o 141 ARD 2008  |p 4656504  |r 2023-01-25  |s 2020-03-16  |w 2019-11-22  |x Ubicación 4to Piso  |y BK  |z Estos recursos deben solicitarse con anticipación  |k DER